বাংলা গানের ইতিহাস / (Record no. 81608)
[ view plain ]
| 000 -LEADER | |
|---|---|
| fixed length control field | 00828nam a2200229 a 4500 |
| 001 - CONTROL NUMBER | |
| control field | 81608 |
| 003 - CONTROL NUMBER IDENTIFIER | |
| rucl marc code | BD-RjUL |
| 005 - DATE AND TIME OF LATEST TRANSACTION | |
| control field | 20230726151620.0 |
| 008 - FIXED-LENGTH DATA ELEMENTS--GENERAL INFORMATION | |
| fixed length control field | 230726s2022 bg ||||| |||| 00| 0 eng d |
| 020 ## - INTERNATIONAL STANDARD BOOK NUMBER | |
| International Standard Book Number | 9789845251143 |
| 035 ## - SYSTEM CONTROL NUMBER | |
| System control number | (BD-RjUL)81608 |
| 040 ## - CATALOGING SOURCE | |
| Original cataloging agency | BD-RjUL |
| Language of cataloging | eng |
| Transcribing agency | BD-RjUL |
| 041 ## - LANGUAGE CODE | |
| Language code of text/sound track or separate title | ben |
| 082 ## - DEWEY DECIMAL CLASSIFICATION NUMBER | |
| Edition number | 23 |
| Classification number | 780.95414 |
| Author mark and year | MUB 2022 |
| 100 ## - MAIN ENTRY--PERSONAL NAME | |
| Personal name | মুরশিদ, গোলাম |
| 9 (RLIN) | 8140 |
| 245 ## - TITLE STATEMENT | |
| Title | বাংলা গানের ইতিহাস / |
| Statement of responsibility, etc. | গোলাম মুরশিদ |
| 260 ## - PUBLICATION, DISTRIBUTION, ETC. (IMPRINT) | |
| Place of publication, distribution, etc. | ঢাকা : |
| Name of publisher, distributor, etc. | প্রথমা প্রকাশন, |
| Date of publication, distribution, etc. | ২০২২ |
| 300 ## - PHYSICAL DESCRIPTION | |
| Pagination | ২৪৭ পৃ.; |
| Size | ২২ সেমি. |
| 650 ## - SUBJECT ADDED ENTRY--TOPICAL TERM | |
| Topical term or geographic name as entry element | বাংলা গান |
| General subdivision | ইতিহাস ও সমালোচনা |
| 9 (RLIN) | 8141 |
| Topical term or geographic name as entry element | Bengali songs |
| General subdivision | History and Criticism |
| 9 (RLIN) | 8142 |
| 942 ## - ADDED ENTRY ELEMENTS (KOHA) | |
| Source of classification or shelving scheme | Dewey Decimal Classification |
| Koha item type | Books |
| Lost status | Source of classification or shelving scheme | Damaged status | Not for loan | Collection code | Permanent Location | Current Location | Shelving location | Date acquired | Source of acquisition | Cost, normal purchase price | Total Checkouts | Full call number | Date last seen | Copy number | Koha item type | Date checked out |
|---|---|---|---|---|---|---|---|---|---|---|---|---|---|---|---|---|
| Dewey Decimal Classification | Not For Loan | Non-fiction | Central Library, University of Rajshahi | Central Library, University of Rajshahi | Reading Room | 07/06/2023 | Rajshahi : Biddasagar | 337.50 | B 780.95414 MUB 2022 | 26/07/2023 | C-1 | Books | ||||
| Dewey Decimal Classification | Non-fiction | Central Library, University of Rajshahi | Central Library, University of Rajshahi | General Stacks | 07/06/2023 | Rajshahi : Biddasagar | 337.50 | 2 | B 780.95414 MUB 2022 | 15/09/2024 | C-2 | Books | 08/09/2024 | |||
| Dewey Decimal Classification | Non-fiction | Central Library, University of Rajshahi | Central Library, University of Rajshahi | General Stacks | 07/06/2023 | Rajshahi : Biddasagar | 337.50 | B 780.95414 MUB 2022 | 26/07/2023 | C-3 | Books |